000
00305nam a2200109Ia 4500
008
220204s9999 xx 000 0 und d
082
_a
669.974
_b
PRE
100
_a
Przetak, Louis
245
0
_a
Standard details for fire-resistive building construction
260
_a
New York
_b
McGraw Hill
_c
1977
942
_c
BK
999
_c
30658
_d
30658